Personnages d'anime (manga) en images - G - Statistiques

Statistiques générales
  • Ce quiz a été pris 425 fois
  • Le résultat moyen est 6 sur 20
Statistiques - réponses
Par images Réponse % Correct
Garp Monkey D.
70%
Ging Freecss
61%
Giorno Giovanna
55%
Grisha Jaeger
55%
Gyomei Himejima
50%
Gotenks
47%
Gildarts Clive
45%
Grimmjow Jaegerjaques
44%
Gintoki Sakata
42%
Gabimaru
35%
Greed
26%
Gilgamesh
21%
Gladio/Glazio
18%
Gordon Agrippa
16%
Ginro
14%
Genzo Wakabayashi
9%
Genta Kojima
6%
Geld/Gerudo
4%
Gudetama
4%
Genjiro Tanigaki
1%
Aucun quiz correspondant
Distribution des résultats
% des personnes avec chaque résultat
Percentile par nombre de réponses
Votre historique - résultats
Vous n’avez pas pris ce quiz